| 000 | 00495nam a22001697a 4500 | ||
|---|---|---|---|
| 008 | 160929b xxu||||| |||| 00| 0 eng d | ||
| 020 | _a0072451076 | ||
| 050 | _aQA 39.3 .B597 2005 | ||
| 100 | _aBluman,Allan G. | ||
| 245 |
_aMathematics in our world/ _cAllan G. Bluman |
||
| 250 | _a1st ed. | ||
| 260 |
_aBoston: _bMcGraw Hill, _c2005 |
||
| 300 |
_axxii, 852p. : _bill. ; |
||
| 500 | _aIncludes index. | ||
| 650 | _aMathematics | ||
| 942 |
_2lcc _cBOOKS _hQA 39.3 .B597 2005 |
||
| 999 |
_c14291 _d14291 |
||